| 000 | 01189cad a22002295a 4500 | ||
|---|---|---|---|
| 001 | L143552 | ||
| 008 | 070907s2008 xxkd f s 000 0 eng d | ||
| 035 | _a(Sirsi) u143553 | ||
| 041 | 0 | _aeng | |
| 050 | 0 | 4 | _a333.33 $2 18 |
| 110 | 2 |
_aColliers CRE _95075 |
|
| 245 | 0 | 0 |
_aProperty pricing survey _bApril 2008 _h[electronic resource] |
| 260 |
_aLondon _bColliers CRE _c2008 |
||
| 490 | 0 |
_aProperty Pricing Survey _v(41) April 2008 |
|
| 520 | _aBased on survey data collected in February 2008, the report finds that overall investment transaction activity increased. Forecasts the 2008 total return be -1.4% p.a, down from 2.0% p.a in the November 2007 survey. Reports that respondents still anticipate a modest recovery in 2009, and 47% of respondents considered that property was attractively priced and good value for money. 65% of the respondents considered that the UK economy would not go into recession. | ||
| 590 | _aKA | ||
| 650 | 2 | 4 | _aCOLLIERS PROPERTY PRICING SURVEY |
| 651 | 4 |
_aUnited Kingdom _y |
|
| 690 | _aPROPERTY-COMMERCIAL PROPERTY-COMMERCIAL PROPERTY MARKET | ||
| 856 | 4 | 0 |
_uhttps://www.colliers.com/ _zView the item free of charge at www.colliers.com... |
| 942 | _n0 | ||
| 999 |
_c108217 _d108217 |
||